Statistics for American TV Shows by Characters

Click here to take the quiz!

General Stats

  • This quiz has been taken 33,616 times
  • The average score is 12 of 24

Answer Stats

CharactersShow% Correct
Homer, Bart, Marge, LisaThe Simpsons
99%
Ross, Rachel, Chandler, PhoebeFriends
97%
Leonard, Sheldon, Penny, RajThe Big Bang Theory
79%
Stan, Kyle, Eric, KennySouth Park
74%
Fred, Wilma, Barney, Bamm-BammThe Flintstones
70%
Ted, Marshall, Lily, BarneyHow I Met Your Mother
68%
Michael, Jim, Pam, DwightThe Office
64%
Carrie, Samantha, Charlotte, MirandaSex and the City
61%
Will, Carlton, Phil, GeoffreyThe Fresh Prince
of Bel-Air
58%
Dorothy, Rose, Blanche, SofiaThe Golden Girls
48%
Lucy, Ricky, Ethel, FredI Love Lucy
43%
Gloria, Manny, Alex, CameronModern Family
42%
Sam, Diane, Carla, NormCheers
40%
Cliff, Rudy, Theo, DeniseThe Cosby Show
37%
Tony, Carmela, Meadow, RalphThe Sopranos
36%
J.D., Eliot, CarlaScrubs
33%
Jean-Luc, Geordi, Deanna, WesleyStar Trek:
The Next Generation
32%
Fox, Dana, WalterThe X-Files
32%
Jack, Kate, Sawyer, SayidLost
31%
Rick, Shane, Lori, AndreaThe Walking Dead
30%
Lucille, Tobias, Buster, OscarArrested Development
24%
Jeff, Britta, Pierce, AbedCommunity
24%
Arnold, Willis, Phillip, KimberlyDiff'rent Strokes
22%
Don, Peggy, Betty, DuckMad Men
20%

Score Distribution

Percentile by Number Answered

Percent of People with Each Score

Your Score History

You have not taken this quiz